| 000 | 00763nam a2200217 a 4500 | ||
|---|---|---|---|
| 001 | 52407 | ||
| 003 | BD-RjUL | ||
| 005 | 20211209075812.0 | ||
| 008 | 160920s1976 ii ||||| |||| 00| 0 ben d | ||
| 035 | _a(BD-RjUL)52527 | ||
| 040 |
_aBD-RjUL _bben _cBD-RjUL _dBD-RjUL |
||
| 041 | _aben | ||
| 082 |
_223 _a782.42095492 _bGHB 1976 |
||
| 100 |
_aঘোষ, সাবিত্রী _9156786 |
||
| 245 | 1 | 0 |
_aবাংলা গানের ইতিবৃত্ত / _cসাবিত্রী ঘোষ |
| 260 |
_aকলিকাতা : _bজিজ্ঞাসা, _c১৯৭৬. |
||
| 300 |
_a[১০], ১২৪ পৃ. ; _c২৩ সেমি. |
||
| 650 |
_aগান _zবাংলাদেশ _9156787 |
||
| 650 |
_aSongs _zBangladesh _9156788 |
||
| 942 |
_2ddc _cBK |
||
| 999 |
_c52407 _d52407 |
||